000 00243nam a2200109Ia 4500
008 240625s9999 xx 000 0 und d
041 _aeng
082 _a332.632 GRA
100 _aGRAHAM BENJAMIN
245 _aSECURITY ANALYSIS
260 _c2008
999 _c35016
_d35016